Flood insurance study. Town of Eureka, Montana, Lincoln County.

Bibliographic Details
Format: Government Document Book
Language:English
Published: [Washington, D.C.] : U.S. Department of Housing & Urban Development, Federal Insurance Administration, [1979]
Subjects:
Online Access:Available online at HathiTrust:

MARC

Tag First Indicator Second Indicator Subfields
LEADER 00000cam a2200000 i 4500
001 in00000805621
005 20170522160045.0
008 790511s1979 dcuabf b f000 0 eng c
035 |a (OCoLC)ocm04963851 
035 |a (OCoLC)04963851 
035 |9 ADT0896AM 
040 |a GPO  |b eng  |e rda  |c GPO  |d OCLCQ  |d SPI  |d OCLCF  |d OCLCQ  |d TXA 
035 |a (OCoLC)4963851 
042 |a pcc 
043 |a n-us-mt 
050 4 |a GB1399.2 
074 |a 0594-C-29 
086 0 |a HH 10.9:Eu 7/2 
049 |a TXAM 
245 0 0 |a Flood insurance study.  |p Town of Eureka, Montana, Lincoln County. 
246 3 0 |a Town of Eureka, Montana, Lincoln County 
246 3 0 |a Eureka, Montana 
246 3 |a Lincoln County, Montana 
264 1 |a [Washington, D.C.] :  |b U.S. Department of Housing & Urban Development, Federal Insurance Administration,  |c [1979] 
300 |a ii, 16 pages, 2 folded leaves of plates :  |b illustrations, map ;  |c 28 cm 
336 |a text  |b txt  |2 rdacontent 
337 |a unmediated  |b n  |2 rdamedia 
338 |a volume  |b nc  |2 rdacarrier 
500 |a Title from cover. 
500 |a "January 1979." 
500 |a Location map on cover. 
504 |a Includes bibliographical references (pages 15-16). 
650 0 |a Flood forecasting  |z Montana  |z Eureka. 
650 0 |a Flood forecasting  |z Montana  |z Lincoln County. 
650 0 |a Flood insurance  |z Montana  |z Eureka. 
650 0 |a Flood insurance  |z Montana  |z Lincoln County. 
651 0 |a Eureka (Mont.) 
651 0 |a Lincoln County (Mont.) 
650 7 |a Flood insurance.  |2 fast  |0 (OCoLC)fst01715819 
651 7 |a Montana  |z Eureka.  |2 fast  |0 (OCoLC)fst01266517 
651 7 |a Montana  |z Lincoln County.  |2 fast  |0 (OCoLC)fst01220713 
655 7 |a Technical reports.  |2 lcgft 
710 1 |a United States.  |b Federal Insurance Administration,  |e issuing body. 
856 4 1 |z Available online at HathiTrust:  |u http://hdl.handle.net/2027/txa.ark:/81423/m3rw6s  |t 0 
994 |a C0  |b TXA 
949 |a updated  |b h  |c 2017/5/22  |e coplinger  |f 4:00:38 pm 
999 f f |s 6a7b3652-7d9b-3d7c-a5eb-3cd21dd20648  |i ca8ae52a-1acc-3b81-8403-5ae38aaff6d5  |t 0 
952 f f |a Texas A&M University  |b College Station  |c Electronic Resources  |d Available Online  |t 0  |e HH 10.9:Eu 7/2  |g Electronic  |h Superintendent of Documents classification 
998 f f |a HH 10.9:Eu 7/2  |t 0  |l Available Online